| 000 | 01657nam a2200469 i 4500 | ||
|---|---|---|---|
| 001 | 14873 | ||
| 003 | KOSZ 005 | ||
| 005 | 20201216090818.0 | ||
| 008 | 070712s1972 pl a f 000 0 pol | ||
| 015 | _aPB 1972/10047 | ||
| 035 | _a991035010829705066 | ||
| 035 | _a(PL-WaBN)b19417354-48omnis_nlop | ||
| 035 | _ab19417354 | ||
| 035 | _a(OCoLC)749369210 | ||
| 035 | _a(PL)b0000001941735 | ||
| 035 | _a(EXLNZ-48OMNIS_NETWORK)9910319678005606 | ||
| 040 |
_aWA N _cWA N _dKOSZ 005/KK |
||
| 041 | 1 |
_apol _hrus |
|
| 080 | _a543.5 | ||
| 080 | _a577.3 | ||
| 245 | 0 | 0 |
_aFizyczne metody badań białek i kwasów nukleinowych / _c[redakcja Ju. S. Lazurkin] ; tłumaczenie Edward Czuryło i Zygmunt Kazimierczuk. |
| 246 | 1 |
_iTytuł oryginału: _aFizičeskie metody issledovaniâ belkov i nukleinovyh kislot |
|
| 260 |
_aWarszawa : _bPaństwowe Wydawnictwo Naukowe, _c1972. |
||
| 300 |
_a342, [2] strony, 8 stron tablic : _bilustracje ; _c23 cm. |
||
| 336 |
_2rdacontent _aTekst _btxt |
||
| 337 |
_2rdamedia _aBez urządzenia pośredniczącego _bn |
||
| 338 |
_2rdacarrier _aWolumin _bnc |
||
| 380 | _aKsiążki | ||
| 388 | _a1901-2000 | ||
| 504 | _aBibliografia na stronach 342-[343]. | ||
| 650 | 7 |
_aBiałka _2DBN |
|
| 650 | 7 |
_aKwasy nukleinowe _2DBN |
|
| 658 | _aFizyka i astronomia | ||
| 658 | _aChemia | ||
| 658 | _aBiologia | ||
| 650 | 7 |
_aBiofizyka _2DBN |
|
| 700 | 1 |
_aKazimierczuk, Zygmunt _eTłumaczenie |
|
| 700 | 1 |
_aLazurkin, Û. S. _eRedakcja |
|
| 856 |
_uhttp://koha.tu.koszalin.pl/cgi-bin/koha/opac-detail.pl?biblionumber=14873 _yKatalog online BPK |
||
| 942 |
_2UKD _cKS |
||
| 999 |
_c14873 _d14873 |
||